Sports Quiz

Random Sports or World Quiz

All England World cup players Quiz Stats

 Plays Quiz not verified by Sporcle

Score 0/299 Timer 15:00
0 Plays Today
Year Player % Correct
1998David Beckham
90.3%
2002David Beckham
90.3%
2006David Beckham
90.3%
1958Bobby Charlton
85.5%
1962Bobby Charlton
85.5%
1966Bobby Charlton
85.5%
1970Bobby Charlton
85.5%
1966Jack Charlton
82.3%
1970Jack Charlton
82.3%
2006Frank Lampard
82.3%
2010 Frank Lampard
82.3%
1962Bobby Moore
80.6%
1966Bobby Moore
80.6%
1998Michael Owen
80.6%
2002Ashley Cole
80.6%
2002Michael Owen
80.6%
2006Ashley Cole
80.6%
2006John Terry
80.6%
2006Wayne Rooney
80.6%
2006Michael Owen
80.6%
2010Ashley Cole
80.6%
2010John Terry
80.6%
2010Wayne Rooney
80.6%
1966Geoff Hurst
79%
1970Geoff Hurst
79%
2006Steven Gerrard
79%
2010Steven Gerrard
79%
1986Gary Lineker
77.4%
1990Gary Lineker
77.4%
1998, 2002 & 2006Rio Ferdinand
77.4%
2002Joe Cole
75.8%
2006Joe Cole
75.8%
2010Joe Cole
75.8%
1950Billy Wright
74.2%
1954Billy Wright
74.2%
1958Billy Wright
74.2%
1990Mark Wright
74.2%
1998David Seaman
72.6%
1998Tony Adams
72.6%
1998Les Ferdinand
72.6%
2002David Seaman
72.6%
2010 & 2014Joe Hart
72.6%
1966Martin Peters
71%
1970Martin Peters
71%
1982Peter Shilton
71%
1986Peter Shilton
71%
1986John Barnes
71%
1990Peter Shilton
71%
1990Stuart Pearce
71%
1990John Barnes
71%
1998Alan Shearer
71%
2006Peter Crouch
71%
2010Peter Crouch
71%
1998Gary Neville
69.4%
2006Gary Neville
69.4%
2010Robert Green
69.4%
1970Tommy Wright
67.7%
1998Paul Scholes
67.7%
2002Paul Scholes
67.7%
2002Emile Heskey
67.7%
2002David James
67.7%
2006David James
67.7%
2010David James
67.7%
2010Glen Johnson
67.7%
2010Emile Heskey
67.7%
1966George Cohen
66.1%
1966Alan Ball
66.1%
1970Alan Ball
66.1%
1982Terry Butcher
66.1%
1982Kevin Keegan
66.1%
1986Terry Butcher
66.1%
1990Terry Butcher
66.1%
1998Teddy Sheringham
66.1%
2002Teddy Sheringham
66.1%
2002Nicky Butt
66.1%
1954Ken Green
64.5%
1962Jimmy Greaves
64.5%
1962Gordan Banks
64.5%
1966Gordan Banks
64.5%
1966Nobby Stiles
64.5%
1966Jimmy Greaves
64.5%
1970Gordan Banks
64.5%
1970Nobby Stiles
64.5%
1982Glen Hoddle
64.5%
1982Bryan Robson
64.5%
1986Glenn Hoddle
64.5%
1986Bryan Robson
64.5%
1990Bryan Robson
64.5%
1962Roger Hunt
62.9%
1966Roger Hunt
62.9%
1970Booby Moore
62.9%
1986Chris Waddle
62.9%
1990Chris Waddle
62.9%
1998Paul Ince
62.9%
1954Syd Owen
61.3%
1990Paul Gascoigne
61.3%
1998Sol Campbell
61.3%
1998David Batty
61.3%
2002Sol Campbell
61.3%
2006Sol Campbell
61.3%
Year Player % Correct
2014
60.6%
2014
60.6%
2014
60.6%
2014
60.6%
2014
60.6%
2014
60.6%
2014
60.6%
2014
60.6%
2014
60.6%
2014
60.6%
2014
60.6%
2014
60.6%
2014
60.6%
2014
60.6%
1958Tommy Banks
59.7%
1958Bobby Robson
59.7%
1962Bobby Robson
59.7%
1990David Platt
59.7%
1998Gareth Southgate
59.7%
2002Gareth Southgate
59.7%
2002Owen Hargreaves
59.7%
2006Paul Robinson
59.7%
2006Owen Hargreaves
59.7%
1950Stanley Matthews
58.1%
1954Stanley Matthews
58.1%
1990Des Walker
58.1%
2010Matthew Upson
58.1%
2010Jermain Defoe
58.1%
1982Ray Wilkins
56.5%
1986Ray Wilkins
56.5%
1970Francis Lee
54.8%
1998Steve McManaman
54.8%
1998Rob Lee
54.8%
1982Phil Thompson
53.2%
1986Peter Beardsley
53.2%
1990Peter Beardsley
53.2%
1950Tom Finney
51.6%
1954Tom Finney
51.6%
1958Tom Finney
51.6%
1962Ray Wilson
51.6%
1966Ray Wilson
51.6%
1966Peter Bonetti
51.6%
1970Peter Bonetti
51.6%
1998Graeme Le Saux
51.6%
1970Emlyn Hughes
50%
1986Trevor Steven
50%
2010 & 2014James Milner
50%
2010Shaun Wright-Phillips
50%
1982Trevor Francis
48.4%
1982Paul Mariner
48.4%
1982Mick Mills
48.4%
1998Darren Anderton
48.4%
2006Michael Carrick
48.4%
2010Michael Carrick
48.4%
1950Stan Mortensen
46.8%
1954Nat Lofthouse
46.8%
1986Gary Stevens
46.8%
1986Gary Stevens
46.8%
1990Gary Stevens
46.8%
1990Paul Parker
46.8%
2010Ledley King
46.8%
1982Trevor Brooking
45.2%
1954Johnny Haynes
43.5%
1958Johnny Haynes
43.5%
1962Johnny Haynes
43.5%
1982Kenny Sansom
43.5%
1986Kenny Sansom
43.5%
1998Martin Keown
43.5%
1998Tim Flowers
43.5%
2002Danny Mills
43.5%
2002Martin Keown
43.5%
1950Alf Ramsey
41.9%
1958Bobby Smith
41.9%
1962Jimmy Armfield
41.9%
1966Jimmy Armfield
41.9%
1970Colin Bell
41.9%
1982Ray Clemence
41.9%
1982Steve Coppell
41.9%
1982Phil Neal
41.9%
1986Kerry Dixon
41.9%
1990Tony Dorigo
41.9%
1990Treer Steven
41.9%
1990Steve Bull
41.9%
2002Darius Vassell
41.9%
2002Kieron Dyer
41.9%
1950Laurie Hughes
40.3%
1962Ron Flowers
40.3%
1966Ron Flowers
40.3%
1966Norman Hunter
40.3%
1970Norman Hunter
40.3%
2002Robbie Fowler
40.3%
2006Jamie Carragher
40.3%
2010Jamie Carragher
40.3%
1966Ian Callaghan
38.7%
1970Brian Labone
38.7%
1982Steve Foster
38.7%
1982Tony Woodcock
38.7%
1986Peter Reid
38.7%
2006Theo Walcott
38.7%
1950Bert Williams
37.1%
Year Player % Correct
1970Jeff Astle
37.1%
1986Terry Fenwick
37.1%
1990Steve McMahon
37.1%
1954Tommy Taylor
35.5%
1986Mark Hateley
35.5%
1998Nigel Martyn
35.5%
1998Paul Merson
35.5%
2002Nigel Martyn
35.5%
1950Jim Taylor
33.9%
1962John Connelly
33.9%
1966John Connelly
33.9%
1986Chris Woods
33.9%
1990Chris Woods
33.9%
2002Trevor Sinclair
33.9%
2006Stewart Downing
33.9%
1970Keith Newton
32.3%
1970Terry Cooper
32.3%
1970Alan Mullery
32.3%
1970Allan Clarke
32.3%
1982Graham Rix
32.3%
2010Gareth Barry
32.3%
1962George Eastham
30.6%
1966Terry Paine
30.6%
1966George Eastham
30.6%
1970Peter Osgood
30.6%
1982Viv Anderson
30.6%
1986Viv Anderson
30.6%
2002Wes Brown
30.6%
2006 & 2010Aaron Lennon
30.6%
1950Wilf Mannion
29%
1954Roger Byrne
29%
1962Ron Springett
29%
1966Ron Springett
29%
1966Gerry Byrne
29%
2006Jermaine Jenas
29%
1958Don Howe
27.4%
1958Colin McDonald
27.4%
1962Stan Anderson
27.4%
1962Don Howe
27.4%
1958Peter Broadbent
25.8%
1962Gerry Hitchens
25.8%
1950Jimmy Mullen
24.2%
1954Jimmy Mullen
24.2%
1958Bill Slater
24.2%
1958Peter Brabrook
24.2%
1958Alan A'Court
24.2%
1986Steve Hodge
24.2%
1990Neil Webb
24.2%
1990Steve Hodge
24.2%
1950Willie Watson
22.6%
1954Ivor Broadis
22.6%
1958Maurice Norman
22.6%
1962Maurice Norman
22.6%
2010Michael Dawson
21%
1950Jimmy Dickinson
19.4%
1954Jimmy Dickinson
19.4%
1990Dave Beasant
17.7%
1986Alvin Martin
16.1%
1986Gary Bailey
16.1%
2006Scott Carson
16.1%
1958Bryan Douglas
14.5%
1962Bryan Douglas
14.5%
2002Wayne Bridge
14.5%
2006Wayne Bridge
14.5%
1982Peter Withe
12.9%
2010Stephen Warnock
12.9%
1950Jackie Milburn
11.3%
1954Gil Merrick
9.7%
1950Roy Bentley
8.1%
1970Alex Stepne
8.1%
1982Terry McDermott
8.1%
1982Joe Corrigan
8.1%
1950Laurie Scott
6.5%
1958Ronni Clayton
6.5%
1958Derek Kevan
4.8%
1962Peter Swan
4.8%
1962Derek Kevan
4.8%
1950John Aston
3.2%
1954Ron Staniforth
3.2%
1954Bill McGarry
3.2%
1954Dennis Wilshaw
3.2%
1954Ken Armstrong
3.2%
1958Eddie Clamp
3.2%
1958Eddie Hopkinson
3.2%
1958Alan Hodgkinson
3.2%
1962Alan Hodgkinson
3.2%
1950Eddie Baily
1.6%
1950Ted Ditchburn
1.6%
1950Bill Eckersley
1.6%
1954Harry Hooper
1.6%
1962Alan Peacock
1.6%
1950Henry Cockburn
0%
1950Bill Nicholsen
0%
1954Ted Burgin
0%
1954Albert Quixall
0%
1954Allenby Chilton
0%
1954Bedford Jezzard
0%
1958Peter Sillett
0%
1958Maurice Setters
0%

You're not logged in!

Compare scores with friends on all Sporcle quizzes.
OR
Log In

Show Comments

Extras

Created Feb 19, 2014ReportNominate
Tags:World Quiz, cup, England, player

Top Quizzes Today


Score Distribution

Your Account Isn't Verified!

In order to create a playlist on Sporcle, you need to verify the email address you used during registration. Go to your Sporcle Settings to finish the process.

Report this User

Report this user for behavior that violates our Community Guidelines.

Details: